2025/26 Summer Transfer Window - Statistics

General Stats
  • This quiz has been taken 63 times
  • The average score is 29 of 73
Answer Stats
League From To For (€) Player % Correct
Premier League Newcastle Liverpool 145m Alexander Isak
96%
Premier League Bayer Leverkusen Liverpool 125m Florian Wirtz
96%
Premier League Sporting CP Arsenal 65.8m Viktor Gyökeres
96%
Premier League Eintracht Frankfurt Liverpool 95m Hugo Ekitike
94%
Premier League Crystal Palace Arsenal 69.3m Eberechi Eze
92%
Premier League Brentford Manchester United 75m Bryan Mbeumo
90%
Premier League Wolves Manchester United 74.2m Matheus Cunha
90%
Premier League VfB Stuttgart Newcastle 85m Nick Wöltemade
90%
Premier League RB Leipzig Manchester United 76.5m Benjamin Šeško
88%
Premier League Real Sociedad Arsenal 70m Martin Zubimendi
88%
La Liga Bournemouth Real Madrid 62.5m Dean Huijsen
86%
Bundesliga Liverpool Bayern Munich 70m Luis Díaz
86%
La Liga River Plate Real Madrid 45m Franco Mastantuono
73%
La Liga Benfica Real Madrid 50m Álvaro Carreras
71%
La Liga Manchester United Real Betis 22m Antony
69%
La Liga Espanyol FC Barcelona 25m Joan García
65%
Bundesliga Liverpool Bayer Leverkusen 35m Jarell Quansah
61%
Bundesliga Sunderland Borussia Dortmund 30.5m Jobe Bellingham
59%
Other leagues Napoli Galatasaray 75m Victor Osimhen
57%
Serie A Chelsea AC Milan 37m Christopher Nkunku
55%
La Liga Feyenoord Atlético Madrid 26m Dávid Hancko
55%
La Liga Villarreal Atlético Madrid 42m Álex Baena
53%
Saudi Pro League Liverpool Al Hilal 53m Darwin Núñez
53%
Ligue 1 Bournemouth Paris Saint-Germain 63m Ilya Zabarnyi
53%
Ligue 1 Lille OSC Paris Saint-Germain 40m Lucas Chevalier
47%
Saudi Pro League Atalanta Al-Qadsiah 68.25m Mateo Retegui
47%
Saudi Pro League Chelsea Al-Nassr 30m João Félix
43%
Bundesliga PSV Eindhoven Bayer Leverkusen 35m Malik Tillman
43%
Other leagues Tottenham Hotspur LAFC 22m Son Heung-Min
43%
Serie A Porto Juventus 32m Francisco Conceição
41%
La Liga Napoli Atlético Madrid 22m Giacomo Raspadori
41%
Serie A PSV Eindhoven Napoli 25m Noa Lang
41%
Saudi Pro League AC Milan Al Hilal 25m Theo Hernández
41%
La Liga Chelsea Villarreal 24.5m Renato Veiga
37%
La Liga Lyon Villarreal 31m Georges Mikautadze
35%
Serie A Flamengo AS Roma 25m Wésley
35%
Serie A Club Brugge AC Milan 36m Ardon Jashari
33%
Saudi Pro League Bayern Munich Al-Nassr 25m Kingsley Coman
33%
Ligue 1 Feyenoord Marseille 30m Igor Paixão
29%
La Liga Real Betis Atlético Madrid 24m Johnny Cardoso
29%
Serie A Fiorentina Juventus 28.1m Nicolás González
29%
Bundesliga Al-Qadisiyah Bayer Leverkusen 25m Ezequiel Fernández
27%
Bundesliga Wolves Borussia Dortmund 22.5m Fábio Silva
27%
Bundesliga Mainz 05 Eintracht Frankfurt 21m Jonathan Burkardt
27%
Serie A Bologna Napoli 31m Sam Beukema
27%
Ligue 1 West Ham Marseille 23m Nayef Aguerd
25%
Bundesliga SC Freiburg Eintracht Frankfurt 21m Ritsu Doan
25%
Saudi Pro League VfB Stuttgart Al-Ahli 30m Enzo Millot
24%
Bundesliga Sevilla Bayer Leverkusen 25m Loïc Badé
24%
Bundesliga Sporting CP RB Leipzig 24m Conrad Harder
22%
Ligue 1 Brighton Strasbourg 18.5m Julio Enciso
20%
Serie A Lecce Atalanta 25m Nikola Krstović
20%
Other leagues AS Monaco Galatasaray 30.77m Wilfried Singo
20%
Ligue 1 Norwich Marseille 14.5m Jonathan Rowe
18%
Other leagues Benfica Fenerbahçe 22.5m Kerem Aktürkoğlu
18%
Serie A RC Lens AS Roma 23.5m Neil El Aynaoui
18%
Other leagues Palmeiras Benfica 27m Richard Ríos
14%
Other leagues Nottingham Forest Botafogo 23m Danilo
12%
Bundesliga AS Monaco Bayer Leverkusen 32m Eliesse Ben Seghir
12%
Ligue 1 Alavés Strasbourg 16.5m Joaquín Panichelli
12%
Other leagues UD Almería Sporting CP 22.5m Luis Suárez
12%
Serie A Cagliari Fiorentina 25m Roberto Piccoli
12%
Other leagues Union Saint-Gilloise Benfica 22.8m Franjo Ivanović
8%
Saudi Pro League Nantes NEOM SC 20m Nathan Zézé
8%
Ligue 1 Porto Paris FC 17m Otávio
8%
Saudi Pro League Genk Al-Qadsiah 17m Christopher Bonsu Baah
6%
Other leagues Panathinaikos Sporting CP 22m Fotis Ioannidis
6%
Other leagues Flamengo Zenit St. Petersburg 25m Gerson
6%
Ligue 1 Chelsea Strasbourg 14.5m Mathias Amougou
6%
Other leagues Trabzonspor Galatasaray 27.5m Uğurcan Çakır
6%
Saudi Pro League Internacional Al-Qadsiah 15.6m Gabriel Carvalho
4%
Ligue 1 Nordsjælland Strasbourg 15m Lucas Høgsberg
2%
Saudi Pro League Fenerbahçe Al Hilal 22m Yusuf Akçiçek
2%
No matching quizzes found
Score Distribution
Percent of People with Each Score
Percentile by Number Answered
Your Score History
You have not taken this quiz